| 000 | 00636cam a2200241 a 4500 | ||
|---|---|---|---|
| 001 | |||
| 003 | DO-SdBNP | ||
| 005 | 20220428093103.0 | ||
| 008 | 921023s1989 nyu 000 1 eng d | ||
| 040 |
_aBPMSU _bspa _cBPMSU _d _d _d _d |
||
| 082 |
_a813 _bS635l 1989 _222 |
||
| 100 | 1 | _aSmall, Bertrice. | |
| 245 | 1 | 0 |
_aLost love found / _cBertrice Small. |
| 260 |
_aNew York : _bBallantine Books, _c1989. |
||
| 300 |
_a483 p. ; _c21 cm. |
||
| 590 | _6Inventariado, 2022/VM | ||
| 650 | 0 |
_aHistorias de amor. _v |
|
| 650 | 4 | _aNovela estadounidense | |
| 650 | 4 | _aNovela erĂ³tica | |
| 655 | 7 | _2 | |
| 910 | _aVMateo V. | ||
| 942 |
_2ddc _cBK |
||
| 999 |
_c14168 _d14168 |
||